000
00290nam a22001217a 4500
999
_c
535198
_d
535198
020
_a
978-1783323616
040
_c
MSOHAIL
082
_a
620.1
_b
NAM
245
_a
Advanced Mechanics of Solids: A Gentle Introduction
260
_a
Alpha Science
_c
c2018
300
_a
424;p
942
_2
ddc
_c
BK